Statistics for Super Mario Bros. 2 Enemies Quiz

Click here to take the quiz!

General Stats

  • This quiz has been taken 7 times
  • The average score is 21 of 40

Answer Stats

Level(s)Enemy% Correct
6-1, 6-2Green Birdo
100%
5-1, 7-1Grey Birdo
100%
1-1, 1-2, 2-1, 4-3Pink Birdo
100%
2-2, 3-1, 3-2, 4-2, 5-2, 5-3, 6-3, 7-2Red Birdo
100%
7-2Wart
100%
1-1, 1-3, 2-1, 2-2, 2-3, 3-1, 3-2, 4-2, 4-3, 5-3, 6-1, 6-3, 7-1, 7-2Pink Shy Guy
100%
1-1, 1-2, 1-3, 2-1, 2-2, 2-3, 3-2, 3-3, 4-1, 4-2, 4-3, 5-1, 5-2, 5-3, 6-1, 7-1, 7-2Red Shy Guy
100%
1-3, 3-3Mouser
80%
3-3, 5-1, 5-2, 5-3, 6-3, 7-1, 7-2Bob-Omb
60%
2-1, 2-2, 6-3Green Snifit
60%
1-2, 1-3, 3-2, 3-3, 5-2, 7-1, 7-2Grey Snifit
60%
3-2, 3-3, 5-1, 5-2Ostro
60%
1-2, 3-1, 5-3Pidgit
60%
1-2, 1-3, 4-2, 5-3, 7-2Pink Snifit
60%
2-3, 6-1, 6-3Pokey
60%
3-3Red Snifit
60%
3-3, 5-3, 6-2, 7-1Albatoss
40%
4-1, 4-2Autobomb
40%
5-3Clawgrip
40%
4-3Fryguy
40%
7-2Mask Gate
40%
2-3, 6-3Tryclyde
40%
2-1, 2-2, 2-3, 6-1Cobrat
40%
4-1, 4-2, 4-3Flurry
40%
6-2Green Beezo
40%
6-2Green Panser
40%
4-2, 4-3, 5-2Grey Beezo
40%
3-1, 3-2, 5-2, 7-2Grey Panser
40%
1-1, 5-2, 6-3, 7-1Hoopster
40%
1-1, 1-2, 1-3, 2-2, 3-3, 5-2, 6-3, 7-1, 7-2Ninji
40%
3-1, 5-3, 6-1Pink Panser
40%
1-2, 2-2, 2-3, 3-1, 3-2, 5-3Red Beezo
40%
2-1, 2-2, 2-3, 3-1, 3-3, 5-1, 5-3, 7-2Red Panser
40%
1-3, 2-3, 3-3, 5-3, 7-1, 7-2Spark
40%
1-3, 4-1, 5-1, 5-2Trouter
40%
1-1, 1-3, 2-3, 3-2, 3-3, 7-1, 7-2Tweeter
40%
4-2Whale
40%
1-2, 1-3, 2-3, 3-3, 4-3, 6-1, 7-2Phanto
20%
3-2, 4-2, 5-2Porcupo
20%
4-3Small Fryguy
0%

Score Distribution

Percentile by Number Answered

Percent of People with Each Score

Your Score History

You have not taken this quiz